| 000 | 00712cam a22002651 4500 | ||
|---|---|---|---|
| 001 | 31790 | ||
| 003 | BD-RjUL | ||
| 005 | 20211209051740.0 | ||
| 008 | 140422s1951 e 001 0 eng d | ||
| 035 | _a(BD-RjUL)31878 | ||
| 035 | _a(OCoLC)529367 | ||
| 040 |
_aDLC _cOAU _dUk _dBD-RjUL _beng |
||
| 041 | _aeng | ||
| 082 |
_a575.1 _bBAS 1951 |
||
| 100 | 1 |
_aBacon, John Stanley Durrant. _996776 |
|
| 245 | 1 | 4 | _aThe science of heredity / |
| 260 |
_aLondon : _bWatts and Co., _c1951. |
||
| 300 |
_aviii, 192 p. : _bill. ; _c17 cm. |
||
| 490 | 0 |
_aThe Thinkers library, _vno. 139 |
|
| 504 | _aIncludes index. | ||
| 650 | 0 |
_aGenetics. _996777 |
|
| 942 |
_2ddc _cBK |
||
| 999 |
_c31790 _d31790 |
||